[Event "Litomy?l"]
[Site "?"]
[Date "2018.02.01"]
[Round "7.14"]
[White "Rokos, Filip"]
[Black "Hofman, Krystof"]
[Result "1-0"]
[WhiteElo "1843"]
[BlackElo "1765"]
[PlyCount "109"]
[EventDate "2018.??.??"]

1. e4 c5 2. Nf3 Nc6 3. d4 cxd4 4. Nxd4 Nf6 5. Nc3 e5 6. Ndb5 d6 7. Bg5 a6 8.
Na3 b5 9. Nd5 Be7 10. Bxf6 Bxf6 11. c3 O-O 12. Nc2 Bg5 13. Nce3 Be6 14. Be2 Ra7
15. O-O g6 16. a4 b4 17. Nc4 bxc3 18. bxc3 f5 19. f3 Na5 20. Rb1 Rb7 21. Ncb6
Rxb6 22. Nxb6 Be3+ 23. Kh1 Bxb6 24. Bxa6 Rf6 25. Qe2 Qc7 26. Qb5 Nc4 27. a5
Nxa5 28. Qxb6 Qxb6 29. Rxb6 Nc4 30. Bxc4 Bxc4 31. Rd1 fxe4 32. fxe4 Rf4 33. Re1
d5 34. exd5 Bxd5 35. Rd6 Be4 36. Kg1 Kf7 37. Rf1 Rxf1+ 38. Kxf1 h5 39. g3 Ke7
40. Rb6 Bf5 41. Kf2 Kd7 42. Ke3 Kc7 43. Ra6 Kd7 44. Kd2 Kc7 45. c4 Kd7 46. Kc3
Kc7 47. Kb4 e4 48. Kc3 Kb7 49. Ra5 Kb6 50. Re5 Kc6 51. Kd4 h4 52. gxh4 Kd6 53.
Rxf5 gxf5 54. h5 Ke6 55. c5 1-0

[Event "Litomy?l"]
[Site "?"]
[Date "2018.02.01"]
[Round "7.15"]
[White "Gresova, Zuzana"]
[Black "Nemcova, Karin"]
[Result "1/2-1/2"]
[WhiteElo "1860"]
[BlackElo "2068"]
[PlyCount "38"]
[EventDate "2018.??.??"]

1. d4 d5 2. c4 e6 3. Nc3 Nf6 4. cxd5 exd5 5. Bg5 c6 6. e3 Be7 7. Qc2 Nbd7 8.
Bd3 h6 9. Bh4 Nh5 10. Bxe7 Qxe7 11. Nge2 Nb6 12. O-O O-O 13. Ng3 Nxg3 14. hxg3
Be6 15. Rab1 a5 16. a3 Nc4 17. Na4 b5 18. Nc5 Rfb8 19. Ra1 a4 1/2-1/2

[Event "Litomy?l"]
[Site "?"]
[Date "2018.02.01"]
[Round "7.16"]
[White "Richterova, Julie"]
[Black "Lorencova, Michaela"]
[Result "1-0"]
[WhiteElo "1908"]
[BlackElo "1439"]
[PlyCount "143"]
[EventDate "2018.??.??"]

1. e4 d6 2. d4 e5 3. Nf3 Nd7 4. Nc3 a6 5. Bc4 Be7 6. O-O c6 7. a4 Ngf6 8. Re1
O-O 9. h3 Qc7 10. Be3 b6 11. Qd2 Bb7 12. Reb1 b5 13. axb5 axb5 14. Bd3 Rxa1 15.
Rxa1 Ra8 16. Qd1 h6 17. Rxa8+ Bxa8 18. Qa1 Bb7 19. Qa3 Bf8 20. Qa2 Be7 21. Nd2
Qb8 22. Ne2 Qa8 23. Qb3 d5 24. Ng3 Bf8 25. dxe5 Nxe5 26. Be2 Qa4 27. Qxa4 bxa4
28. Bd4 Ned7 29. e5 Ne8 30. Bg4 Nb8 31. c3 g6 32. e6 fxe6 33. Bxe6+ Kh7 34. Be5
Bd6 35. Bxd6 Nxd6 36. Ne2 Na6 37. Nf4 Nc5 38. Bg4 Bc8 39. Bd1 Nc4 40. Nxc4 dxc4
41. g4 g5 42. Bc2+ Kg7 43. Ng2 Be6 44. Ne3 Kf6 45. Kf1 Ke5 46. Ke2 Nb3 47. Ng2
Bd5 48. Ne3 Be6 49. Nf1 Bd5 50. Ne3 Be6 51. Nf5 Bxf5 52. Bxf5 Nc5 53. Ke3 Kd5
54. f3 Ke5 55. Bg6 Nd3 56. Bxd3 cxd3 57. Kxd3 Kf4 58. Kd4 Kxf3 59. Kc5 Kg3 60.
Kxc6 Kxh3 61. Kd6 Kxg4 62. c4 h5 63. c5 h4 64. c6 h3 65. c7 h2 66. c8=Q+ Kg3
67. Qc6 Kf2 68. Qh1 Kg3 69. Kc5 g4 70. Kb4 Kh3 71. Kxa4 g3 72. Qf3 1-0

[Event "Litomy?l"]
[Site "?"]
[Date "2018.02.01"]
[Round "7.17"]
[White "Gregurkova, Nikola"]
[Black "Vilimova, Julie"]
[Result "0-1"]
[WhiteElo "1625"]
[BlackElo "1708"]
[PlyCount "92"]
[EventDate "2018.??.??"]

1. e4 c5 2. Nf3 e6 3. d4 cxd4 4. Nxd4 a6 5. Nc3 Qc7 6. Be3 Bb4 7. Qd2 Nf6 8. f3
d5 9. exd5 Nxd5 10. Nde2 O-O 11. a3 Nxe3 12. Qxe3 Bc5 13. Qf4 Bd6 14. Qe3 b5
15. h4 Nd7 16. Ne4 Be5 17. c3 Bb7 18. f4 Bxe4 19. Qxe4 Nc5 20. Qe3 Bd6 21. g3
Rad8 22. Bg2 Nb3 23. Rd1 Bc5 24. Qf3 Rxd1+ 25. Kxd1 a5 26. Kc2 a4 27. Rd1 Na5
28. Nd4 Nc4 29. Rd3 b4 30. axb4 Bxb4 31. cxb4 Rc8 32. Rc3 a3 33. bxa3 Nxa3+ 34.
Kb2 Nc4+ 35. Kc1 Qa7 36. Nb3 Qa3+ 37. Kd1 Rd8+ 38. Ke2 Qb2+ 39. Ke1 Na3 40. Rd3
Qb1+ 41. Rd1 Nc2+ 42. Kf2 Qxd1 43. Qxd1 Rxd1 44. b5 Rb1 45. Be4 Rxb3 46. Bxc2
Rb2 0-1

[Event "Litomy?l"]
[Site "?"]
[Date "2018.02.01"]
[Round "7.18"]
[White "Voriskova, Anna"]
[Black "Beranova, Karin"]
[Result "0-1"]
[WhiteElo "1446"]
[BlackElo "1410"]
[PlyCount "60"]
[EventDate "2018.??.??"]

1. e4 e5 2. Nf3 Nc6 3. Bb5 Nd4 4. Nxd4 exd4 5. d3 Bc5 6. Nd2 c6 7. Ba4 Ne7 8.
Nf3 Qa5+ 9. c3 dxc3 10. bxc3 Qxc3+ 11. Bd2 Qxd3 12. Bc2 Qc4 13. Rc1 b6 14. Ng1
Ba6 15. Ne2 O-O 16. Bb1 Qxe2+ 17. Qxe2 Bxe2 18. Kxe2 Rfe8 19. Rhd1 d5 20. exd5
cxd5 21. Kf3 Ng6 22. Bc3 Rad8 23. Rd2 d4 24. Bb2 Ne5+ 25. Kg3 Rd6 26. h3 a5 27.
Re1 Bb4 28. Rxe5 Rxe5 29. Rc2 Rc5 30. Re2 Re6 0-1

[Event "Litomy?l"]
[Site "?"]
[Date "2018.02.01"]
[Round "7.19"]
[White "Huskova, Agata"]
[Black "Maresova, Michaela"]
[Result "1/2-1/2"]
[WhiteElo "1408"]
[BlackElo "1186"]
[PlyCount "76"]
[EventDate "2018.??.??"]

1. e4 d5 2. exd5 Qxd5 3. Nc3 Qa5 4. d4 c6 5. Nf3 Bf5 6. Bc4 Nd7 7. Bd2 Qc7 8.
Bb3 Ngf6 9. Qe2 e6 10. Ne5 Nxe5 11. dxe5 Nd7 12. f4 h6 13. O-O-O O-O-O 14. Rhf1
Bc5 15. Be3 Bxe3+ 16. Qxe3 Qb6 17. Qxb6 Nxb6 18. Rxd8+ Rxd8 19. Rd1 Rxd1+ 20.
Kxd1 Nd5 21. Nxd5 cxd5 22. Kd2 Kc7 23. c3 Kc6 24. Ke3 Kc5 25. g3 b5 26. a3 a5
27. Ba2 Bg6 28. b4+ axb4 29. cxb4+ Kc6 30. Bb3 Kb6 31. Kd4 Bf5 32. a4 bxa4 33.
Bxa4 Be4 34. Be8 Bg6 35. f5 Bxf5 36. Bxf7 Bg4 37. Be8 Bf5 38. h4 Bg4 1/2-1/2

[Event "Litomy?l"]
[Site "?"]
[Date "2018.02.01"]
[Round "7.20"]
[White "Pejrimovska, Viola Ruby"]
[Black "Vsetulova, Viktorie"]
[Result "1-0"]
[WhiteElo "1504"]
[BlackElo "1520"]
[PlyCount "35"]
[EventDate "2018.??.??"]

1. e4 c5 2. b4 cxb4 3. a3 e5 4. Nf3 Nc6 5. Bc4 Nf6 6. Ng5 d5 7. exd5 Nxd5 8.
Nxf7 Qh4 9. Bxd5 Bc5 10. O-O O-O 11. d3 Qd4 12. Qf3 Qxa1 13. Be3 Be7 14. Qh5 g6
15. Ng5+ Kg7 16. Qxh7+ Kf6 17. Ne4+ Kf5 18. Qh3# 1-0

[Event "Litomy?l"]
[Site "?"]
[Date "2018.02.01"]
[Round "7.21"]
[White "Trasakova, Adela"]
[Black "Semova, Lada"]
[Result "0-1"]
[WhiteElo "1462"]
[BlackElo "1357"]
[PlyCount "84"]
[EventDate "2018.??.??"]

1. d4 Nf6 2. Nf3 d6 3. Bf4 Bg4 4. Nbd2 Nh5 5. Bg3 Nxg3 6. hxg3 h6 7. c3 Nd7 8.
e3 Bf5 9. e4 Bh7 10. Bd3 e5 11. O-O Be7 12. Qe2 O-O 13. Rad1 c6 14. dxe5 dxe5
15. Nc4 Qc7 16. Rd2 Rad8 17. Rfd1 b5 18. Ne3 Nc5 19. Nf5 Bxf5 20. exf5 Nxd3 21.
Rxd3 f6 22. Rxd8 Rxd8 23. Rxd8+ Qxd8 24. Qd2 Qxd2 25. Nxd2 Kf7 26. Kf1 g6 27.
fxg6+ Kxg6 28. Ke2 f5 29. Nf3 Bd6 30. b4 Bc7 31. Nh4+ Kf6 32. Kf3 Kg5 33. Ke2
e4 34. f4+ Kg4 35. Ng6 Kxg3 36. Ne7 Kxf4 37. Nxc6 Bb6 38. Ne7 Kg4 39. Nc6 Kg3
40. Ne7 f4 41. Nf5+ Kxg2 42. Nxh6 f3+ 0-1

[Event "Litomy?l"]
[Site "?"]
[Date "2018.02.01"]
[Round "7.22"]
[White "Brozka, Karel"]
[Black "Hladky, Tadeas"]
[Result "1/2-1/2"]
[WhiteElo "1704"]
[BlackElo "1627"]
[PlyCount "109"]
[EventDate "2018.??.??"]

1. d4 d5 2. Nf3 Nf6 3. c4 c6 4. Nc3 e6 5. Bg5 dxc4 6. a4 Nbd7 7. e3 Be7 8. Bxc4
Nd5 9. Bxe7 Qxe7 10. O-O O-O 11. Nxd5 exd5 12. Bd3 Nf6 13. Rb1 Bg4 14. h3 Bh5
15. Be2 Ne4 16. Ne5 Bxe2 17. Qxe2 Qb4 18. Ra1 a5 19. Nd3 Qd2 20. Qxd2 Nxd2 21.
Rfd1 Nc4 22. b3 Nd6 23. Nc5 Ra7 24. Rac1 Re8 25. Kf1 Ne4 26. Nxe4 Rxe4 27. Ke2
Kf8 28. Re1 Ke7 29. Kd3 f5 30. f3 Re6 31. e4 fxe4+ 32. fxe4 dxe4+ 33. Rxe4 Rxe4
34. Kxe4 Ra6 35. g4 Rb6 36. Rc3 Ke6 37. h4 h6 38. Re3 Rb4 39. Kd3+ Kf6 40. Kc3
c5 41. Re4 cxd4+ 42. Rxd4 Rxd4 43. Kxd4 Ke6 44. Kc5 Ke5 45. Kb5 Kf4 46. Kxa5
Kxg4 47. Kb6 Kxh4 48. Kxb7 g5 49. a5 g4 50. a6 g3 51. a7 g2 52. a8=Q g1=Q 53.
Qd8+ Qg5 54. Qd4+ Kg3 55. Qg1+ 1/2-1/2

[Event "Litomy?l"]
[Site "?"]
[Date "2018.02.01"]
[Round "7.23"]
[White "Dolensky, Filip"]
[Black "Fizer, Marek"]
[Result "0-1"]
[WhiteElo "1561"]
[BlackElo "1501"]
[PlyCount "116"]
[EventDate "2018.??.??"]

1. Nf3 c5 2. b3 e6 3. Bb2 d5 4. e3 Nf6 5. Ne5 Nbd7 6. Bb5 a6 7. Bxd7+ Bxd7 8.
O-O Be7 9. d3 O-O 10. Nd2 Rc8 11. f4 b5 12. Qe2 Qb6 13. g4 Rfd8 14. Rf3 Qb8 15.
Rh3 c4 16. Nb1 cxd3 17. cxd3 g6 18. Qf2 Rc7 19. g5 Nh5 20. Ng4 Rdc8 21. Nc3 b4
22. Ne2 Rc2 23. Be5 Qb5 24. Nd4 Rxf2 25. Nxb5 Rfc2 26. Nh6+ Kf8 27. Nd6 Rc1+
28. Rxc1 Rxc1+ 29. Kf2 Rc2+ 30. Kf3 Bxd6 31. Bxd6+ Ke8 32. Bxb4 Rxa2 33. Ng4
Rb2 34. Nf6+ Nxf6 35. gxf6 h5 36. d4 e5 37. Rh4 e4+ 38. Kg3 Rxb3 39. Bd2 Rd3
40. Bc1 a5 41. f5 Bxf5 42. Kf4 a4 43. Ke5 Bg4 44. Kxd5 g5 45. Kxe4 Rd1 46. Rxg4
hxg4 47. Ba3 Ra1 48. Bc5 a3 49. d5 a2 50. Bd4 Rd1 51. Be5 a1=Q 52. Bxa1 Rxa1
53. Kf5 Rg1 54. e4 g3 55. hxg3 Rxg3 56. e5 g4 57. e6 fxe6+ 58. dxe6 Rf3+ 0-1

[Event "Litomy?l"]
[Site "?"]
[Date "2018.02.01"]
[Round "7.24"]
[White "Winter, Ondrej"]
[Black "Simunek, Jakub Simon"]
[Result "1-0"]
[WhiteElo "1483"]
[BlackElo "1513"]
[PlyCount "149"]
[EventDate "2018.??.??"]

1. e4 c6 2. Nc3 d5 3. Nf3 dxe4 4. Nxe4 Nf6 5. Ng3 g6 6. d4 Bg7 7. c3 O-O 8. Bd3
Qb6 9. O-O Rd8 10. Qc2 Nbd7 11. Bg5 c5 12. Rfe1 e6 13. Ne5 cxd4 14. Nc4 Qc7 15.
cxd4 h6 16. Bd2 b5 17. Ba5 Nb6 18. Nxb6 Qxc2 19. Bxc2 axb6 20. Bxb6 Rd6 21. Bc5
Rc6 22. Ne4 Rca6 23. a3 Nd5 24. Nd6 Bf8 25. Nxb5 Bxc5 26. dxc5 Ra5 27. a4 Bd7
28. b4 Nxb4 29. Be4 Nd5 30. Bxd5 exd5 31. Rab1 Rxa4 32. Rec1 Bxb5 33. Rxb5 Ra1
34. Rcb1 Rxb1+ 35. Rxb1 Rc8 36. Rc1 Kf8 37. Kf1 Ke7 38. Ke2 Kd7 39. Kd3 Kc6 40.
Rc2 Re8 41. f3 Ra8 42. Kd4 f6 43. h3 Ra4+ 44. Kd3 Ra1 45. Ke3 Re1+ 46. Kd2 Re7
47. Kd3 Ra7 48. Kd4 Ra4+ 49. Kd3 Kb5 50. c6 Ra8 51. Kd4 Rc8 52. Kxd5 Kb6 53.
Kd6 f5 54. Kd7 Rc7+ 55. Kd8 Rxc6 56. Rxc6+ Kxc6 57. Ke7 g5 58. Kf6 Kd6 59. Kxf5
Kd5 60. Kg6 Ke5 61. Kxh6 Kf5 62. g4+ Kf6 63. Kh5 Kf7 64. Kxg5 Kg7 65. f4 Kg8
66. Kg6 Kh8 67. f5 Kg8 68. f6 Kh8 69. Kf7 Kh7 70. Ke8 Kg8 71. f7+ Kh7 72. f8=Q
Kg6 73. Qf5+ Kh6 74. h4 Kg7 75. Qg5+ 1-0

[Event "Litomy?l"]
[Site "?"]
[Date "2018.02.01"]
[Round "7.25"]
[White "Simek, Viktor"]
[Black "Werner, Hong Quan Dan"]
[Result "0-1"]
[WhiteElo "1528"]
[BlackElo "1504"]
[PlyCount "106"]
[EventDate "2018.??.??"]

1. e4 e5 2. Nf3 Nc6 3. Bc4 Nf6 4. d4 exd4 5. O-O Nxe4 6. Re1 d5 7. Bxd5 Qxd5 8.
Nc3 Qh5 9. Nxe4 Be6 10. Bg5 Bd6 11. Nxd6+ cxd6 12. Qd2 O-O 13. Bf4 Bd5 14. Qe2
Qg6 15. a3 Ne5 16. Nh4 Qf6 17. Bxe5 dxe5 18. Qxe5 Qxe5 19. Rxe5 Be6 20. Rd1
Rac8 21. Rd2 Rfd8 22. Nf5 Bxf5 23. Rxf5 d3 24. c3 Rc6 25. Rf3 Rcd6 26. Re3 Kf8
27. f3 f5 28. g3 Kf7 29. Kf2 g5 30. Re5 Kf6 31. Re3 h5 32. h3 a5 33. b4 axb4
34. axb4 b5 35. Kf1 Rd5 36. Ke1 f4 37. gxf4 gxf4 38. Re4 Re5 39. Kf2 Rxe4 40.
fxe4 Ke5 41. Kf3 Rd7 42. h4 Rd6 43. Rd1 d2 44. Ke2 Kxe4 45. Rxd2 Rxd2+ 46. Kxd2
f3 47. c4 bxc4 48. b5 Kd5 49. Ke3 c3 50. b6 Kc6 51. Kxf3 c2 52. b7 Kxb7 53. Ke2
c1=Q 0-1

[Event "Litomy?l"]
[Site "?"]
[Date "2018.02.01"]
[Round "7.26"]
[White "Smolik, Jachym"]
[Black "Lang, Simon"]
[Result "1-0"]
[WhiteElo "1605"]
[BlackElo "1415"]
[PlyCount "77"]
[EventDate "2018.??.??"]

1. d4 d5 2. Bf4 e6 3. e3 c5 4. c3 Nf6 5. Nd2 Qb6 6. Qc2 Bd7 7. a4 Be7 8. h3 Nc6
9. Ngf3 O-O 10. Bd3 Rac8 11. Qb1 g6 12. O-O Nh5 13. Bh2 cxd4 14. exd4 Na5 15.
Ne5 Bc6 16. b4 Nc4 17. Ndxc4 dxc4 18. Nxc4 Qd8 19. Ne5 Bh4 20. Nxc6 Rxc6 21.
Qb3 Qg5 22. f4 Qf6 23. Bb5 Rcc8 24. Be2 Kh8 25. Bxh5 gxh5 26. f5 Qg7 27. fxe6
Rg8 28. Ra2 f6 29. Kh1 Bg3 30. c4 h4 31. Bxg3 hxg3 32. c5 Qg5 33. Qf3 Rg6 34.
Qf5 Qh6 35. e7 Re8 36. Qd7 Rgg8 37. Qe6 Rg6 38. Qf7 Rgg8 39. d5 1-0

[Event "Litomy?l"]
[Site "?"]
[Date "2018.02.01"]
[Round "7.27"]
[White "Mohapl, Tomas"]
[Black "Nguyen, Thai Dang Vi"]
[Result "1-0"]
[WhiteElo "1446"]
[BlackElo "1292"]
[PlyCount "89"]
[EventDate "2018.??.??"]

1. e4 e5 2. Nf3 Nf6 3. Nxe5 d6 4. Nf3 Nxe4 5. Nc3 Nxc3 6. dxc3 Be7 7. Be3 Nc6
8. Qd2 Be6 9. O-O-O Qd7 10. Kb1 a6 11. g3 O-O-O 12. Bg2 Bf6 13. Rhe1 Bg4 14.
Re2 Qf5 15. Qd3 Qxd3 16. cxd3 Ne5 17. Nxe5 Bxe2 18. Re1 dxe5 19. Rxe2 Rxd3 20.
Kc2 Rdd8 21. Be4 g6 22. Re1 Bg7 23. Bg2 Kb8 24. g4 Rhe8 25. g5 f6 26. h4 f5 27.
f3 f4 28. Bf2 h6 29. gxh6 Bxh6 30. Bf1 g5 31. hxg5 Bxg5 32. Bd3 Bf6 33. Be4 Rg8
34. Re2 Ka8 35. Be1 Rg7 36. Bf5 Rd6 37. Rh2 Re7 38. Rg2 Rg7 39. Rh2 Ka7 40.
Bf2+ b6 41. Be4 Rg8 42. Bf5 Rg7 43. Be4 Bg5 44. Rh8 Bf6 45. Ra8# 1-0

[Event "Litomy?l"]
[Site "?"]
[Date "2018.02.01"]
[Round "7.28"]
[White "Kodet, Jaromir"]
[Black "Janous, Marek"]
[Result "0-1"]
[WhiteElo "1268"]
[BlackElo "1560"]
[PlyCount "76"]
[EventDate "2018.??.??"]

1. e4 c5 2. Nf3 e6 3. d4 cxd4 4. Nxd4 a6 5. Nc3 b5 6. Bd2 Bb7 7. a3 Nf6 8. Bd3
Qc7 9. Qe2 Nc6 10. Nf3 Ne5 11. Nxe5 Qxe5 12. f4 Qc7 13. g3 Be7 14. Be3 d5 15.
exd5 Nxd5 16. Nxd5 Bxd5 17. Rg1 Bf6 18. c3 Rc8 19. Qc2 g6 20. Kf2 Be7 21. Ke1
Bc5 22. Bxc5 Qxc5 23. Ke2 Rd8 24. b4 Qc6 25. Raf1 Bc4 26. Rd1 Ke7 27. Ke3 Bxd3
28. Rxd3 Qb6+ 29. Rd4 Rd7 30. Rgd1 Rhd8 31. Qb2 h5 32. h4 Rd5 33. Ke2 Qb7 34.
Qc2 Rxd4 35. cxd4 Qg2+ 36. Kd3 Qxg3+ 37. Ke4 f5+ 38. Ke5 Rd5# 0-1